<?xml version="1.0" encoding="UTF-8"?><?xml-stylesheet type="text/xsl" href="static/style.xsl"?><OAI-PMH xmlns="http://www.openarchives.org/OAI/2.0/" xmlns:xsi="http://www.w3.org/2001/XMLSchema-instance" xsi:schemaLocation="http://www.openarchives.org/OAI/2.0/ http://www.openarchives.org/OAI/2.0/OAI-PMH.xsd"><responseDate>2026-06-07T05:54:32Z</responseDate><request verb="GetRecord" identifier="oai:riuma.uma.es:10630/32360" metadataPrefix="marc">https://riuma.uma.es/rest/oai/request</request><GetRecord><record><header><identifier>oai:riuma.uma.es:10630/32360</identifier><datestamp>2026-02-03T10:26:17Z</datestamp><setSpec>com_10630_1685</setSpec><setSpec>col_10630_38055</setSpec></header><metadata><record xmlns="http://www.loc.gov/MARC21/slim" xmlns:dcterms="http://purl.org/dc/terms/" xmlns:doc="http://www.lyncode.com/xoai" xmlns:xsi="http://www.w3.org/2001/XMLSchema-instance" xsi:schemaLocation="http://www.loc.gov/MARC21/slim http://www.loc.gov/standards/marcxml/schema/MARC21slim.xsd">
   <leader>00925njm 22002777a 4500</leader>
   <datafield ind2=" " ind1=" " tag="042">
      <subfield code="a">dc</subfield>
   </datafield>
   <datafield ind2=" " ind1=" " tag="720">
      <subfield code="a">Villodres Martín, Auxiliadora del Carmen</subfield>
      <subfield code="e">author</subfield>
   </datafield>
   <datafield ind2=" " ind1=" " tag="260">
      <subfield code="c">2024</subfield>
   </datafield>
   <datafield ind2=" " ind1=" " tag="520">
      <subfield code="a">El proyecto titulado LÍNEAS M133, M132, L1, C2 .Travesía de lo cotidiano es un proyecto artístico que reflexiona sobre la desigualdad y las historias personales que hallamos en lugares tan cotidianos como sería una parada de autobús, seleccionando todas las líneas de transporte que conectan mi casa con la facultad. Las historias de cada persona son únicas al igual que el ticket que se posee de cada trayecto vivido, es por ello, que el uso de estos dos recursos combinados da resultado a un ready made que traspasa las fronteras del mundo conceptual. A través de Google Street View se localiza y pone en cuestión el lugar donde ha ocurrido el relato y se culmina en varias publicaciones que unen y unifan mi propia travesía cotidiana.</subfield>
   </datafield>
   <datafield ind1="8" ind2=" " tag="024">
      <subfield code="a">https://hdl.handle.net/10630/32360</subfield>
   </datafield>
   <datafield tag="653" ind2=" " ind1=" ">
      <subfield code="a">Bellas Artes - Trabajos Fin de Grado</subfield>
   </datafield>
   <datafield tag="653" ind2=" " ind1=" ">
      <subfield code="a">Grado en Bellas Artes</subfield>
   </datafield>
   <datafield tag="653" ind2=" " ind1=" ">
      <subfield code="a">Arte</subfield>
   </datafield>
   <datafield ind2="0" ind1="0" tag="245">
      <subfield code="a">Lineas M133, M132, L1, C2. Travesía de lo cotidiano</subfield>
   </datafield>
</record>
</metadata></record></GetRecord></OAI-PMH>